RICS successful in Brussels campaign (Record no. 117812)
[ view plain ]
| 000 -LEADER | |
|---|---|
| fixed length control field | 01020cam a2200217 4500 |
| 001 - CONTROL NUMBER | |
| control field | WB403018 |
| 008 - FIXED-LENGTH DATA ELEMENTS--GENERAL INFORMATION | |
| fixed length control field | 040804n2004 000 0 eng u |
| 035 ## - SYSTEM CONTROL NUMBER | |
| System control number | (Sirsi) u127005 |
| 245 ## - TITLE STATEMENT | |
| Title | RICS successful in Brussels campaign |
| 260 ## - PUBLICATION, DISTRIBUTION, ETC. | |
| Date of publication, distribution, etc. | 2004 |
| 490 ## - SERIES STATEMENT | |
| Series statement | RICS Press Release |
| Volume/sequential designation | (pr074) 3 August 2004 (1) |
| 520 ## - SUMMARY, ETC. | |
| Summary, etc. | RICS has persuaded the European Commission to adopt the RICS definition of market value as standard across the EU. The draft directive on Capital Adequacy is part of the EU's drive to ensure sound risk management across the 25 member union's banking sector. It also includes a requirement for banks to revalue commercial real estate every year. http://www.rics.org/ricscms/bin/show?class=PressRe lease&template=/includes/showpr.html&id=1215&facul ty=RICS# |
| 590 ## - LOCAL NOTE (RLIN) | |
| Local note | WB |
| 590 ## - LOCAL NOTE (RLIN) | |
| Local note | WB |
| 650 ## - SUBJECT ADDED ENTRY--TOPICAL TERM | |
| Topical term or geographic name entry element | MARKET VALUE |
| 650 ## - SUBJECT ADDED ENTRY--TOPICAL TERM | |
| Topical term or geographic name entry element | RISK MANAGEMENT |
| 650 ## - SUBJECT ADDED ENTRY--TOPICAL TERM | |
| Topical term or geographic name entry element | COMMERCIAL PROPERTY MARKET |
| 650 ## - SUBJECT ADDED ENTRY--TOPICAL TERM | |
| Topical term or geographic name entry element | VALUATION METHODOLOGY |
| 690 ## - LOCAL SUBJECT ADDED ENTRY--TOPICAL TERM (OCLC, RLIN) | |
| Topical term or geographic name as entry element | VALUATION AND INVESTMENT APPRAISAL |
| 942 ## - ADDED ENTRY ELEMENTS (KOHA) | |
| Suppress in OPAC | 0 |
| Withdrawn status | Lost status | Source of classification or shelving scheme | Damaged status | Not for loan | Home library | Current library | Shelving location | Date acquired | Total Checkouts | Full call number | Barcode | Date last seen | Copy number | Price effective from | Koha item type |
|---|---|---|---|---|---|---|---|---|---|---|---|---|---|---|---|
| Other/Generic Classification Scheme | London | London | News article | 04/08/2004 | WB403018 | 127005-1001 | 06/08/2019 | 1 | 06/08/2019 | News article |